| 000 | 00871nam a2200205 i 4500 | ||
|---|---|---|---|
| 001 | 162729 | ||
| 003 | ES-MaACL | ||
| 005 | 20250826055615.0 | ||
| 008 | 981002s1875 sp |||| | spa d | ||
| 100 | 1 |
_aPulido, Ángel, _d1852-1932 _9149324 |
|
| 245 | 1 | 0 |
_aApuntes sobre el estado actual de la medicina en Portugal y España _b: (1ª parte, enseñanza médica) / _cpor Ángel Pulido Fernández. |
| 260 |
_a[Madrid : _bs.n.], _c1875 ( _fImp., Fundición y Estereotipia de D. Juan Aguado) |
||
| 300 |
_a131 p. ; _c26 cm. |
||
| 594 | _aPrecede al tít.: Biblioteca del Anfiteatro Anatómico. | ||
| 650 | 0 | 7 |
_aMedicina- _zEspaña- _yS.XIX _2 _9147760 |
| 650 | 4 |
_aMedicina- _zPortugal. _9170563 |
|
| 650 | 7 |
_aMedicina- _xEstudio y enseñanza- _zEspaña _2 _9151425 |
|
| 852 |
_aES-MaACL _jT-784-F-4 _z- Enc. hol. _z- Enc. en un vol. facticio |
||
| 999 |
_c162729 _d162729 |
||